Studia z bankowosci centralnej

Salvato in:
Dettagli Bibliografici
Altri autori: Przybylska-Kapuscinska, Wieslawa
Natura: Libro
Lingua:polacco
Pubblicazione: Poznan Wydawnictwo Akademii Ekonomicznej w Poznaniu 2005
Serie:Zeszyty naukowe 56
Soggetti:
Tags: Aggiungi Tag
Nessun Tag, puoi essere il primo ad aggiungerne!!

MARC

LEADER 00000nam$a2200000$$$4500
001 0031257
005 20240104134208.9
020 |a 83-7417-066-2 
041 0 |a pol 
044 |a PL 
245 1 0 |a Studia z bankowosci centralnej  |c Redaktor naukowy: Wieslawa Przybylska-Kapuscinska 
264 1 |a Poznan  |b Wydawnictwo Akademii Ekonomicznej w Poznaniu  |c 2005 
300 |a 247 s. 
490 1 |a Zeszyty naukowe  |v 56 
830 0 |a Zeszyty naukowe  |v 56 
610 2 0 |a bankovníctvo 
610 2 0 |a banky centrálne 
610 2 0 |a štúdie 
610 2 0 |a modely 
610 2 0 |a neokeynesizmus 
610 2 0 |a dopyt 
610 2 0 |a peniaze 
610 2 0 |a politika fiškálna 
610 2 0 |a teória hier 
610 2 0 |a Poľsko 
700 1 |a Przybylska-Kapuscinska, Wieslawa